| 000 | 00348nam a2200145Ia 4500 | ||
|---|---|---|---|
| 005 | 20251222144817.0 | ||
| 008 | 251222s9999||||xx |||||||||||||| ||spa|| | ||
| 020 | _a978-9972-33-395-8 | ||
| 082 | _a658.404/A59E | ||
| 100 | _aAndia Valencia, Walter | ||
| 245 | 0 | _aProyectos de Inversión: | |
| 250 | _a2a.ed. | ||
| 264 | _bEl Saber | ||
| 942 | _cLIB | ||
| 999 |
_c20322 _d20322 |
||